Largest U.S. Cities which are not the Largest Cities of their State - Statistics

General Stats
  • This quiz has been taken 68 times
  • The average score is 14 of 20
Answer Stats
Pop. City % Correct
1,317,929 Dallas
97%
453,579 Miami
92%
1,406,630 San Diego
91%
870,887 San Francisco
89%
947,890 Austin
86%
1,492,510 San Antonio
84%
1,025,350 San Jose
83%
495,234 Sacramento
75%
652,717 Memphis
73%
683,080 El Paso
72%
854,113 Fort Worth
64%
530,706 Tucson
64%
522,053 Fresno
56%
420,005 Oakland
56%
465,101 Colorado Springs
53%
458,880 Raleigh
53%
403,090 Tulsa
53%
470,130 Long Beach
47%
484,587 Mesa
36%
392,772 Arlington
34%
No matching quizzes found
Score Distribution
Percent of People with Each Score
Percentile by Number Answered
Your Score History
You have not taken this quiz